Matt Reeves Filmography - Statistics

General Stats
  • This quiz has been taken 5 times
  • The average score is 3 of 23
Answer Stats
Hint Answer % Correct
2022 The Batman
100%
2008 Cloverfield
67%
2014 Dawn of the Planet of the Apes
67%
2017 War For the Planet of the Apes
67%
2016 10 Cloverfield Lane
0%
2011 Area 51 Confidential
0%
TBD Button Man: The Killing Game
0%
2012 Chernobyl Diaries
0%
1994 Future Shock
0%
2010 Let Me In
0%
TBD Lift
0%
1994 Little Odessa
0%
2021 Mother/ Android
0%
TBD Mouse Guard
0%
2011 Super 8
0%
2019 Surveillance
0%
2018 The Cloverfield Paradox
0%
1996 The Pallbearer
0%
2000 The Yards
0%
2009 Transformers: Revenge of the Fallen
0%
1995 Under Siege 2: Dark Territory
0%
TBD Untitled Sputnik Remake
0%
TBD Way Station
0%
No matching quizzes found
Score Distribution
Percent of People with Each Score
Percentile by Number Answered
Your Score History
You have not taken this quiz